000 00503nam a2200205Ia 4500
005 20250508164505.0
008 008 250505s9999 xx 000 0 hin d
037 _aTextual
040 _aFEDL
_beng
_cFEDL
041 _ahin
_2eng
084 _a320.954, BHA
_qFEDL
245 0 _aSanctify saint pretty
245 0 _cBharat Sarkar
260 _c1968
300 _a252p.
365 _aINR
_b3.15
650 _aPolitics
942 _cTEXL
_h320.954, BHA
999 _c1389393
_d1389393